00505nam a2200193Ia 4500003000400000005001700004008004100021020001500062040000700077041001200084082001700096100001400113245005800127260004300185300003200228365001300260650001500273650002300288OSt20250714185906.0210423s2003 xx 000 0 und d a8795421680 cAL aEnglish a070.4 bSTEN aStein M L aNewswriters handbookb: an introduction to journalism aNew DelhibSurjeeth Publicationsc2003 avii,303p.bPBc24.5x14.3cm. b250cINR aJournalism aJournalism & Media